<?xml version="1.0" encoding="UTF-8"?><marc:collection xmlns:marc="http://www.loc.gov/MARC21/slim">
  <marc:record>
    <marc:leader>00000nam##2200000za#4500</marc:leader>
    <marc:controlfield tag="001">9.559481</marc:controlfield>
    <marc:controlfield tag="003">CaOODSP</marc:controlfield>
    <marc:controlfield tag="005">20210624172911</marc:controlfield>
    <marc:controlfield tag="007">cr |||||||||||</marc:controlfield>
    <marc:controlfield tag="008">150406|2005||||xxc|||||o    f|0| 0 eng|d</marc:controlfield>
    <marc:datafield tag="020" ind1=" " ind2=" ">
      <marc:subfield code="a">0-662-40746-6</marc:subfield>
    </marc:datafield>
    <marc:datafield tag="040" ind1=" " ind2=" ">
      <marc:subfield code="a">CaOODSP</marc:subfield>
      <marc:subfield code="b">eng</marc:subfield>
    </marc:datafield>
    <marc:datafield tag="043" ind1=" " ind2=" ">
      <marc:subfield code="a">n-cn---</marc:subfield>
    </marc:datafield>
    <marc:datafield tag="086" ind1="1" ind2=" ">
      <marc:subfield code="a">PS3-1/2005-1E-PDF</marc:subfield>
    </marc:datafield>
    <marc:datafield tag="110" ind1="1" ind2=" ">
      <marc:subfield code="a">Canada. </marc:subfield>
      <marc:subfield code="b">Public Safety and Emergency Preparedness Canada.</marc:subfield>
    </marc:datafield>
    <marc:datafield tag="245" ind1="1" ind2="4">
      <marc:subfield code="a">The validity of Static-99 with older sexual offenders / </marc:subfield>
      <marc:subfield code="h">[electronic resource]</marc:subfield>
      <marc:subfield code="c">[by] R. Karl Hanson. </marc:subfield>
    </marc:datafield>
    <marc:datafield tag="260" ind1=" " ind2=" ">
      <marc:subfield code="a">Ottawa - Ontario : </marc:subfield>
      <marc:subfield code="b">Public Safety and Emergency Preparedness Canada </marc:subfield>
      <marc:subfield code="c">c2005.</marc:subfield>
    </marc:datafield>
    <marc:datafield tag="300" ind1=" " ind2=" ">
      <marc:subfield code="a">19p.</marc:subfield>
      <marc:subfield code="b">references, tables</marc:subfield>
    </marc:datafield>
    <marc:datafield tag="490" ind1="1" ind2=" ">
      <marc:subfield code="a">Corrections research, user report</marc:subfield>
      <marc:subfield code="v">2005-01</marc:subfield>
    </marc:datafield>
    <marc:datafield tag="590" ind1=" " ind2=" ">
      <marc:subfield code="a">12-43-Supp</marc:subfield>
      <marc:subfield code="b">2012-12-07</marc:subfield>
    </marc:datafield>
    <marc:datafield tag="690" ind1="0" ind2="7">
      <marc:subfield code="a">Sexual offenses</marc:subfield>
      <marc:subfield code="2">gcpds</marc:subfield>
    </marc:datafield>
    <marc:datafield tag="775" ind1="0" ind2="8">
      <marc:subfield code="t">La validité de la Statique-99 pour l'évaluation des délinquants sexuels âgés / </marc:subfield>
      <marc:subfield code="w">(CaOODSP)9.592236</marc:subfield>
    </marc:datafield>
    <marc:datafield tag="776" ind1="0" ind2="#">
      <marc:subfield code="t">The validity of Static-99 with older sexual offenders / </marc:subfield>
      <marc:subfield code="w">(CaOODSP)9.541322</marc:subfield>
    </marc:datafield>
    <marc:datafield tag="776" ind1="0" ind2="#">
      <marc:subfield code="t">La validité de la Statique-99 pour l'évaluation des délinquants sexuels agés / </marc:subfield>
      <marc:subfield code="w">(CaOODSP)9.541323</marc:subfield>
    </marc:datafield>
    <marc:datafield tag="830" ind1="#" ind2="0">
      <marc:subfield code="a">Corrections research, user report ;</marc:subfield>
      <marc:subfield code="v">2005-01</marc:subfield>
      <marc:subfield code="w">(CaOODSP)9.504759</marc:subfield>
    </marc:datafield>
    <marc:datafield tag="856" ind1="4" ind2="0">
      <marc:subfield code="a">http://publications.gc.ca</marc:subfield>
      <marc:subfield code="q">PDF</marc:subfield>
      <marc:subfield code="s">145 KB</marc:subfield>
      <marc:subfield code="u">https://publications.gc.ca/collections/collection_2012/sp-ps/PS3-1-2005-1-eng.pdf</marc:subfield>
      <marc:subfield code="y">2005-01</marc:subfield>
    </marc:datafield>
  </marc:record>
</marc:collection>
